Normal view
MARC view
- GENESERETH,MICHEAL
Entry Personal Name
001 - CONTROL NUMBER
- control field: 91237
003 - CONTROL NUMBER IDENTIFIER
- control field: NUST
005 - DATE AND TIME OF LATEST TRANSACTION
- control field: 20220427101825.0
008 - FIXED-LENGTH DATA ELEMENTS
- fixed length control field: 220427|| aca||aabn | a|a d
040 ## - CATALOGING SOURCE
- Original cataloging agency: NUST
- Transcribing agency: NUST
100 ## - HEADING--PERSONAL NAME
- Personal name: GENESERETH,MICHEAL
670 ## - SOURCE DATA FOUND
- Source citation: Work cat.: (NUST): GENESERETH,MICHEAL., INTRODUCTION TO LOGIC /, 2017.
